Svarnamali

Saved in:
Bibliographic Details
Main Author: Abeysekera, Chitrananda
Format: Book
Published: 1984
Subjects:
Tags: Add Tag
No Tags, Be the first to tag this record!

MARC

LEADER 00000nam a2200000 a 4500
082 |a 891.481 
100 |a Abeysekera, Chitrananda 
245 |a Svarnamali 
260 |c 1984 
300 |a 112p. ; 21cm. 
653 |a Sinhalese poetry 
942 |c AFW 
999 |c 187903  |d 187903